000 00198nam a2200097Ia 4500
008 170620s9999 xx 000 0 und d
100 _aNCERT
245 0 _aMananshil Shikshak
260 _bNCERT
260 _c2007
300 _a74
999 _c28142
_d28142